Rentabilitatsanalyse durch neue Verfahren des horizontalen Betriebsvergleichs.

Popis nového postupu analýzy rentability poľnohospodárskeho podniku pomocou porovnaní s podnikami hospodáriacimi v porovnateľných podmienkach. Ukazovatele, ktoré slúžili ako základ medzipodnikových porovnaní. Ústredná databanka, ktorá poskytuje údaje o porovnateľných podnikoch.

Saved in:
Bibliographic Details
Main Author: Kastner, W.
Other Authors: Iglhaut, H.
Format: Book Chapter
Language:German
Subjects:
Tags: Add Tag
No Tags, Be the first to tag this record!

MARC

LEADER 00000naa a2200000 4500
001 r005144
005 20221130102642.2
041 0 |a ger 
044 |a DE 
245 1 0 |a Rentabilitatsanalyse durch neue Verfahren des horizontalen Betriebsvergleichs.  |c W. Kastner, H. Iglhaut 
520 |a Popis nového postupu analýzy rentability poľnohospodárskeho podniku pomocou porovnaní s podnikami hospodáriacimi v porovnateľných podmienkach. Ukazovatele, ktoré slúžili ako základ medzipodnikových porovnaní. Ústredná databanka, ktorá poskytuje údaje o porovnateľných podnikoch. 
610 2 0 |a podnik poľnohospodársky 
610 2 0 |a rentabilita podniku 
610 2 0 |a porovnanie medzipodnikové 
610 2 0 |a banky dát 
100 1 |a Kastner, W. 
700 1 |a Iglhaut, H.